000 00763nam a22001817a 4500
003 UA-OsUOA
001 16469
007 ta
008 20040112b un ||||| |||| 00| 0 ukr d
100 _aАндрійчук С.
942 _cSA
040 _aUA-OsUOA
_cUA-OsUOA
_dUA-OsUOA
245 _aРівненських рятувальників відзначили у столиці
_b[Відзнаками МНС нагороджені лікар Демидів. райлікарні С.Бурець та начальник упр. ВПБ та АРР МНС України в Рівнен. обл. М.Костюк]
300 _aС.2
955 _a0
773 0 _w0
_tОго
_dРівне
_d2003
_g№184/ 28 жовт./
650 7 _aБурець С., Костюк М.
_2UDC
999 _c302634
_d302634